KOHA-Header-6

Modern Banking (Record no. 8897)

000 -LEADER
fixed length control field 00259nam a2200109Ia 4500
100 ## - MAIN ENTRY--AUTHOR NAME
Personal name Mohammad Amin
245 #0 - TITLE STATEMENT
Title Modern Banking
260 ## - PUBLICATION, DISTRIBUTION, ETC. (IMPRINT)
Place of publication Karachi
Name of publisher Ghazanfar Academy
Year of publication 1989
300 ## - PHYSICAL DESCRIPTION
Number of Pages 637
942 ## - ADDED ENTRY ELEMENTS (KOHA)
Koha item type Books
Holdings
Withdrawn status Lost status Collection code Permanent Location Current Location Shelving location Date acquired Full call number Accession Number Koha item type
    Banking MAJU MAJU Shelf No.A45 2019-09-14 658.401 4026 Banking

Powered by Koha